000 00821cam a22002773a 4500
001 530
003 PGUSA
005 20140828082949.0
008 060121s2006||||xxu|||||s|||||000 1 eng d
040 _aPGUSA
_beng
042 _adc
050 4 _aPS
050 4 _aPZ
100 1 _aAlger, Horatio,
_d1832-1899
245 1 0 _aDriven from Home; Or, Carl Crawford's Experience
_h[electronic resource] /
_cHoratio Alger
260 _bProject Gutenberg,
_c2006
506 _aPublic domain in the USA.
516 _aElectronic text
653 _aConduct of life -- Juvenile fiction
653 _aNew York (N.Y.) -- Juvenile fiction
653 _aDidactic fiction
653 _aRunaway teenagers -- Juvenile fiction
830 0 _aProject Gutenberg
_v530
856 4 0 _uhttp://www.gutenberg.org/ebooks/530
942 _cEB
999 _c229881
_d229881